Digital Electronics (Record no. 767)

MARC details
000 -LEADER
Fixed length control field 00574nam a22002177a 4500
003 - CONTROL NUMBER IDENTIFIER
Control field SEACOMEC
005 - DATE AND TIME OF LATEST TRANSACTION
Control field 20240313113832.0
008 - FIXED-LENGTH DATA ELEMENTS--GENERAL INFORMATION
Fixed length control field 240313b |||||||| |||| 00| 0 eng d
020 ## - INTERNATIONAL STANDARD BOOK NUMBER / ISBN
International Standard Book Number 978-0766803282
Price $6.50
040 ## - CATALOGING SOURCE
Original cataloging agency SEACOMEC
041 ## - LANGUAGE CODE
Language code English
082 ## - DEWEY DECIMAL CLASSIFICATION NUMBER
Classification number 621.3815
Book Number B5930
100 ## - MAIN ENTRY--PERSONAL NAME
Personal name Bignell, James
245 ## - TITLE STATEMENT
Title Digital Electronics
Statement of responsibility James Bignell, and Robert Donovan,
250 ## - EDITION STATEMENT
Edition statement 4th ed
260 ## - IMPRINT
Place of publication Singapore
Name of publisher Thomson
Date of publication 2001
300 ## - PHYSICAL DESCRIPTION
Page / Vol. No 751p
Dimensions 24.13 cm
650 ## - SUBJECT ADDED ENTRY--TOPICAL TERM
Topical term Applied Physics
Form subdivision Electronics
700 ## - ADDED ENTRY--PERSONAL NAME
Personal name Donovan, Robert
942 ## - ADDED ENTRY ELEMENTS (KOHA)
Koha item type Books
Holdings
Withdrawn status Lost status Source of classification Damaged status Not for loan Home library Current library Date acquired Total Checkouts Call number Accession number Date last seen Price effective from Koha item type
    Dewey Decimal Classification     SEACOM ENGINEERING COLLEGE SEACOM ENGINEERING COLLEGE 13/03/2024   621.3815 B5930 3944 13/03/2024 13/03/2024 Books
© Seacom Engineering College, All rights reserved.      Powered by Koha